O Altar da Vitória em Roma
Saved in:
| Hovedforfatter: | |
|---|---|
| Format: | Bog |
| Sprog: | portugisisk |
| Udgivet: |
Viña del Mar
Pontificia Universidad Católica de Valparaíso
2002
|
| Fag: | |
| Tags: |
Tilføj Tag
Ingen Tags, Vær først til at tagge denne postø!
|
MARC
| LEADER | 00000nam a2200000 a 4500 | ||
|---|---|---|---|
| 001 | UCG1158 | ||
| 003 | CL-VaPUC | ||
| 005 | 20200123183257.0 | ||
| 008 | 100422e20020000cl 1 por d | ||
| 082 | 0 | 4 | |a 937 |b MAR |2 21 |
| 100 | 1 | |a Marshall, Francisco |e author |9 621586 | |
| 245 | 1 | 2 | |a O Altar da Vitória em Roma |
| 246 | 1 | 0 | |a XX Semana de Estudios Romanos |
| 260 | |a Viña del Mar |b Pontificia Universidad Católica de Valparaíso |c 2002 | ||
| 583 | |a last modification |c 20100422 00:00:00 |k Rodrigo Vera | ||
| 650 | 0 | 7 | |a HISTORIA ANTIGUA ROMANA |2 CL-VaPUC |9 568042 |
| 650 | 0 | 7 | |a SENADO ROMANO |2 CL-VaPUC |9 454325 |
| 650 | 0 | 7 | |a HISTORIA DE ROMA SIGLO 1 |2 CL-VaPUC |9 527998 |
| 942 | |c BK | ||
| 945 | |a dcastane |d 20100422 00:00:00 | ||
| 546 | |a En Portugués | ||
| 536 | |a Pontificia Universidad Católica de Valparaíso. Instituto de Historia | ||
| 518 | |p Semana de Estudios Romanos, 20, Viña del Mar, 22 al 25 octubre 2002 | ||
| 999 | |c 384529 |d 384527 | ||